Game mantra : (Record no. 168415)

MARC details
000 -LEADER
fixed length control field 00633nam a22001937a 4500
005 - DATE AND TIME OF LATEST TRANSACTION
control field 20191007152619.0
010 ## - LCCN (DPL NO)
LC control number ENG-126611
020 ## - INTERNATIONAL STANDARD BOOK NUMBER
International Standard Book Number 9789353285722
Terms of availability 525.00
035 ## - SYSTEM CONTROL NUMBER
System control number EN-110143
037 ## - SOURCE OF ACQUISITION
Source of stock number/acquisition DBAD/PUB
082 ## - DEWEY DECIMAL CLASSIFICATION NUMBER
Classification number 519.3
100 ## - MAIN ENTRY--PERSONAL NAME
Personal name Prasad, Rohit
245 ## - TITLE STATEMENT
Title Game mantra :
Statement of responsibility, etc by Rohit Prasad
Remainder of title rescuing game theory from the game theorists /
260 ## - PUBLICATION, DISTRIBUTION, ETC. (IMPRINT)
Place of publication, distribution, etc New Delhi
Name of publisher, distributor, etc SAGE Publications
Date of publication, distribution, etc 2019
270 ## - ADDRESS
Address B1/1-1, Mohan Cooperative Industrial Area
City Mathura Road, New Delhi
Postal code 110044
Electronic mail address www.sagepub.in
300 ## - PHYSICAL DESCRIPTION
Extent xii,281p.
Dimensions 22cm(pbk)
500 ## - GENERAL NOTE
General note Includes index
942 ## - ADDED ENTRY ELEMENTS (KOHA)
Source of classification or shelving scheme Dewey Decimal Classification
Item type English Books
Classification part 519.3
Call number suffix PRA
Holdings
Withdrawn status Lost status Not for loan Collection code Home library Current library Date acquired Source of acquisition Cost, normal purchase price Full call number Barcode Copy number Cost, replacement price Koha item type
    Not For Loan Non-fiction Central Library Central Library 07/10/2019 DBAD/PUB 525.00 519.3 PRA EN-110143 1 525.00 English Books

© Delhi Public Library
Hit Counter
free hit counter